Pilotes Motogp de 2010 a 2019 - Statistiques

Statistiques générales
  • Ce quiz a été pris 80 fois
  • Le résultat moyen est 20 sur 40
Statistiques - réponses
Numéro Pilotes % Correct
93 Marc Marquez
100%
46 Valentino Rossi
100%
5(2017) Johann Zarco
92%
04 Andréa Dovizioso
83%
42 Alex Rins
79%
27/1 Casey Stoner
79%
48/99/1 Jorge Lorenzo
79%
26 Dani Pedrosa
75%
41 Aleix Espargaró
75%
44 Pól Espargaro
75%
43 Jack Miller
71%
9 Danilo Petrucci
67%
25/12 Maverick Viñales
67%
69 Nicky Hayden
67%
29 Andrea Iannone
63%
35 Cal Crutchlow
63%
19 Alvaro Bautista
58%
58 Marco Simoncelli
58%
76 Loris Baz
54%
14 Randy De Puniet
54%
6 Stefan Bradl
54%
53 Tito Rabat
50%
38 Bradley Smith
46%
51 Michael Pirro
42%
8 Hector Barbera
38%
94 Jonas Folger
38%
45 Scott Redding
38%
11 Ben Spies
29%
5 Colin Edwards
29%
50 Eugène Laverty
29%
15 Alex De Angelis
29%
17 Karel Abraham
29%
68 Yonny Hernandez
29%
33 Marco Melandri
25%
7 Hiroshi Aoyama
13%
21 Katsuyuki Nakasuga
13%
23 Broc Parkes
8%
77 James Ellison
8%
63 Mike Di Melgio
4%
85 Takuya Tsuda
4%
Aucun quiz correspondant
Distribution des résultats
% des personnes avec chaque résultat
Percentile par nombre de réponses
Votre historique - résultats
Vous n’avez pas pris ce quiz